000 00257nam a2200109 a 4500
005 20140414132109.0
008 110115s19uu xx 00 eng d
050 _aER
_bC61 1987
100 _aDenega, Daniel
245 _aClifford's manners.
999 _c114696
_d114696